| 000 | 00428nam a2200181Ia 4500 | ||
|---|---|---|---|
| 003 | GCL | ||
| 008 | 140319s9999 xx 000 0 eng d | ||
| 040 |
_aGCL / _cGCL |
||
| 082 | 0 | 4 |
_a621.38 _bW E |
| 100 | 1 | _aWARES, L.A.A | |
| 245 | 1 | 0 |
_aELECTRONIC MATERIALS / _cWARES, L.A.A |
| 260 |
_a[S.N] : _bMACMILLAN |
||
| 300 | _a282P. | ||
| 650 | 0 | 4 | _aMATERIALS |
| 650 | 0 | 4 | _aDESIGH AND CONS |
| 650 | 0 | 4 | _aTRUCTION |
| 942 |
_2ddc _cBK |
||
| 999 |
_c11553 _d11553 |
||